| 000 | 00000nam##2200000za#4500 |
| 001 | 9.575100 |
| 003 | CaOODSP |
| 005 | 20210624184512 |
| 007 | cr ||||||||||| |
| 008 | 150406|2009||||xxc|||||o f|0| 0 eng|d |
| 022 | |a1488-5379 |
| 040 | |aCaOODSP|beng |
| 043 | |an-cn--- |
| 086 | 1 |aFs97-6/2802E-PDF |
| 110 | 1 |aCanada. |bDepartment of Fisheries and Oceans. |
| 245 | 10|aDocumentation of North Coast (Statistical Areas 1 to 6) salmon escapement information / |h[electronic resource]|cby B. Spilsted and B. Spencer. |
| 260 | |aPrince Rupert - British Columbia : |bFisheries and Oceans Canada |cc2009. |
| 300 | |a74p.|bfigs., references, tables |
| 490 | 1 |aCanadian technical report of fisheries and aquatic sciences|x1488-5379|vNo. 2802 |
| 500 | |aThe catalogue number and ISSN for the print edition appear in this electronic version. |
| 590 | |a12-38-Supp|b2012-09-27 |
| 720 | 1 |aSpilsted, B. |
| 720 | 1 |aSpencer, B. |
| 830 | #0|aCanadian technical report of fisheries and aquatic sciences,|x1488-5379|vNo. 2802|w(CaOODSP)9.504449 |
| 856 | 40|ahttp://publications.gc.ca|qPDF|s5607 KB|uhttps://publications.gc.ca/collections/collection_2012/mpo-dfo/Fs97-6-2802-eng.pdf|yNo. 2802 |